| 000 | 00428nam a2200145Ia 4500 | ||
|---|---|---|---|
| 008 | 230917s9999||||xx |||||||||||||| ||und|| | ||
| 040 |
_e128896 _aMAIN |
||
| 041 | _aEnglish | ||
| 082 | _a820.9 A79F | ||
| 100 | _aArtz, Frederick B | ||
| 245 | 0 | _aFrom the renaissance to romanticism: Trends in style in arts, literature and music 1300-1830 | |
| 260 |
_aChicago _bUniversity of Chicago _c1962 |
||
| 300 | _a311 p. | ||
| 942 | _cBK | ||
| 999 |
_c131112 _d131112 |
||